01176cam a2200277 a 4500001000400000003001000004005001700014008004100031020001800072040002500090080001900115090001900134245012400153260003800277300002700315504003600342650006100378650005300439650004000492700004400532700005100576942001200627952012300639952012300762999001300885270BR-CuiBMT20231110002141.0230914s2012 mgba 001 0 por d a9788577006045 aBR-CuiBMTcBR-CuiBMT 22007a35.078.3 a35.078.3bC76400aControle externo :bestudos temáticos /cEvandro Martins Guerra, Sebastião Helvecio Ramos de Castro, coordenadores. aBelo Horizonte :bFórum,c2012. a184 p. :bil. ;c21 cm aInclui bibliografia e índice. aFinanças públicasvLegislaçãoxAuditoriazBrasil aContabilidade pública vLegislaçãozBrasil aAdministração públicazBrasil1 aGuerra, Evandro Martins,d1966-4coord.1 aCastro, Sebastião Helvecio Ramos de 4coord. 2udccLV 00102udc4070aBIBTCEMTbBIBTCEMTd2023-06-28l0o35.078.3 C764pBIBTCEMT23090052r2023-09-14tEx. 1w2023-09-14yLV 00102udc4070aBIBTCEMTbBIBTCEMTd2023-06-28l0o35.078.3 C764pBIBTCEMT23120653r2023-12-16tEx. 2w2023-09-14yLV c270d270